| 000 | 00992cam a22002418a 4500 | ||
|---|---|---|---|
| 999 |
_c1934 _d1934 |
||
| 003 | OSt | ||
| 005 | 20210706100252.0 | ||
| 008 | 210702b ||||| |||| 00| 0 eng d | ||
| 020 | _a0412570807 | ||
| 020 | _a1565933133 | ||
| 040 | _cALUPE UNIVERSITY | ||
| 050 | 0 | 0 |
_aRC45 _b.G8 1994 |
| 100 | 1 |
_aGunzburg, John C. _0http://id.loc.gov/authorities/names/n93013743 |
|
| 245 | 1 | 4 |
_aThe grief counselling casebook : _ba student's guide to unresolved grief / _cJohn C. Gunzberg and William Stewart. |
| 250 | _a1st ed. | ||
| 260 |
_aLondon ; _aNew York : _bChapman & Hall ; _aSan Diego, Calif. : _bDistributed in the USA and Canada by Singular Pub. Group, _c1994. |
||
| 300 |
_axiii, 307 p. : _bill. |
||
| 650 | 2 |
_aGrief. _0https://id.nlm.nih.gov/mesh/D006117 |
|
| 650 | 2 |
_aCounseling _xmethods. _0https://id.nlm.nih.gov/mesh/D003376Q000379 |
|
| 655 | 2 | _0https://id.nlm.nih.gov/mesh/D002363 | |
| 700 | 1 |
_aStewart, William, _d1927- _0http://id.loc.gov/authorities/names/n85063826 |
|
| 942 |
_2lcc _cBK _nPW |
||